SNÚ jako součást integrovaného systému ukazatelů

Systém národných účtov (SNÚ) ako základný prostriedok popisu sociálne ekonomických javov. Sociálno-účtovná matica. Koncepcia integrovaného systému: "Economic Core System".

Guardado en:
Detalles Bibliográficos
Autor principal: Zychová, Lenka
Formato: Capítulo de libro
Lenguaje:checo
Materias:
Etiquetas: Agregar Etiqueta
Sin Etiquetas, Sea el primero en etiquetar este registro!

MARC

LEADER 00000naa a2200000 4500
001 r019306
005 20230113115838.3
041 0 |a cze 
044 |a CZ 
245 1 0 |a SNÚ jako součást integrovaného systému ukazatelů  |c L. Zychová 
520 |a Systém národných účtov (SNÚ) ako základný prostriedok popisu sociálne ekonomických javov. Sociálno-účtovná matica. Koncepcia integrovaného systému: "Economic Core System". 
610 2 0 |a ukazovatele ekonomické 
610 2 0 |a účtovníctvo 
610 2 0 |a analýza štatistická 
610 2 0 |a matice 
610 2 0 |a systémy účtovné 
610 2 0 |a systémy štatistické 
610 2 0 |a účty národné 
100 1 |a Zychová, Lenka